[Event "56th Rubinstein Memorial A 2020"]
[Site "Polanica Zdroj"]
[Date "2020.08.22"]
[Round "8.14"]
[White "Fiedorek, Michal"]
[Black "Czarniecka, Aleksandra"]
[Result "1/2-1/2"]
[WhiteElo "2212"]
[BlackElo "2043"]
[Annotator "TA"]
[PlyCount "78"]
[EventDate "2020.08.15"]
[EventType "swiss"]
[EventCountry "POL"]
[SourceTitle "playchess.com"]
[Source "ChessBase"]
[SourceQuality "1"]

{[%evp 28,78,0,0,0,0,-9,-10,-16,-49,-46,-53,-4,-7,0,0,0,-3,0,0,4,11,0,0,16,0,0,0,0,0,0,0,0,0,13,0,0,0,0,0,0,0,0,0,8,0,0,0,0,0,0,0,0]} 1. e4 c5 2. Nf3 d6 3. d4 cxd4 4. Nxd4 Nf6 5. Nc3 e6 6. Be2 Nc6 7. O-O Be7 8. Be3 O-O 9. f4 e5 10. Nb3 exf4 11. Bxf4 Be6 12. Kh1 d5 13. e5 Nd7 14. Nxd5 Ndxe5 15. Nxe7+ Qxe7 {B83: Sicilian Scheveningen: 6 Be2, lines without ...a6.} 16. Nd4 {next Nxc6 is good for White.} Rad8 17. Nxc6 Nxc6 {[#]} 18. Bd2 $146 ({Predecessor:} 18. Qe1 Bf5 19. c3 Rfe8 20. Bf3 Be4 21. Bxe4 Qxe4 22. Qxe4 {½-½ (22) Bellia,F (2405)-Gabaldon Gomez,M (2199) Agios Nikolaos 2007}) 18... Rfe8 19. Re1 Qc5 20. Bd3 {The position is equal.} Bc4 21. Rxe8+ Rxe8 22. Bc3 {[#] Qg4! is the strong threat.} Bxd3 23. Qxd3 Ne5 24. Re1 {And now Rxe5 would win.} f6 25. Qe4 Qc7 26. h3 Re7 27. Qd5+ Nf7 28. Rxe7 Qxe7 29. Bd4 a6 30. c4 Kh8 31. c5 Nd8 32. Bc3 Nc6 33. b4 h6 34. Qc4 Qe3 35. Kh2 Ne5 36. Bxe5 Qxe5+ 37. Kg1 Qe1+ 38. Kh2 Qe5+ 39. Kg1 Qe1+ {Accuracy: White = 95%, Black = 95%.} 1/2-1/2

[Event "56th Rubinstein Memorial A 2020"]
[Site "Polanica Zdroj"]
[Date "2020.08.22"]
[Round "8.15"]
[White "Kasperek, Ryszard"]
[Black "Rog, Bartlomiej"]
[Result "0-1"]
[WhiteElo "2202"]
[BlackElo "1866"]
[Annotator "TA"]
[PlyCount "90"]
[EventDate "2020.08.15"]
[EventType "swiss"]
[EventCountry "POL"]
[SourceTitle "playchess.com"]
[Source "ChessBase"]
[SourceQuality "1"]

{[%evp 15,90,56,68,81,70,68,103,27,102,114,165,162,145,124,125,137,262,294,277,267,408,396,391,234,214,229,229,164,164,141,173,176,161,164,282,279,372,0,125,0,339,347,532,450,427,419,379,407,378,-125,-129,-130,-122,-106,-108,-377,-379,-378,-377,-354,-374,-327,0,-486,-459,-671,-666,-2085,-2025,-29974,-29974,-29970,-29971,-5700,-4990,-29991,-29992]} 1. e4 c5 2. Nf3 d6 3. d4 cxd4 4. Nxd4 Nf6 5. Nc3 g6 6. Be3 Bg7 7. f3 a6 8. Qd2 Nbd7 9. g4 {B75: Sicilian Dragon: Yugoslav Attack, Miscellaneous.} b5 10. O-O-O Bb7 11. a3 (11. h4 $1 $16) 11... Qc7 (11... Rc8 $11) 12. h4 $1 $16 {[#]} h5 $146 (12... Ne5 $16 {was worth a try.}) ({Predecessor:} 12... Ne5 13. h5 Rg8 14. hxg6 hxg6 15. Kb1 Nfd7 16. Rh7 Nc4 17. Bxc4 Qxc4 18. Qh2 O-O-O {½-½ (51) Gallagher,J (2516)-Moor,R (2367) Scuol 2001}) 13. g5 $18 Nh7 14. f4 Nc5 15. Bg2 O-O-O (15... O-O $16 {might work better.} 16. Kb1 e6) 16. Kb1 Kb8 17. Nd5 Qd7 (17... Bxd5 $142 18. exd5 Bxd4) 18. Nb3 Na4 {[#]} 19. Bd4 (19. e5 $142 $1 {[%mdl 512]}) 19... Bxd4 20. Qxd4 (20. Nxd4 $6 e6 $16) 20... e6 21. Nb4 Qc7 22. Qd2 Nc5 23. Rh3 Qb6 24. Qd4 Ka7 (24... Rhe8 $142 25. Rhd3 Ka7) 25. Qg7 $1 Rdf8 26. Qd4 $2 (26. Rc3 $18) 26... Rd8 $1 $16 27. Qg7 $2 (27. Qc3 $16) 27... Rdf8 $1 $18 28. Rc3 a5 (28... Nxb3 $142 29. cxb3 Kb8) 29. Nxc5 dxc5 30. Nd3 c4 31. Ne5 Rd8 32. Rd7 $2 ({White should play} 32. Rc1 $18) 32... Rxd7 33. Nxd7 (33. Qxh8 $2 {loses.} Qg1+ 34. Ka2 Rd1 $19) 33... Qg1+ 34. Ka2 Rd8 $36 {[%mdl 2048] Black is on the roll.} 35. Qxf7 $2 {[%mdl 8192] [#]} (35. Qe5 $17 Rxd7 36. Qxb5) 35... Nf8 $1 $19 36. Bf3 (36. Nxf8 Rd1 37. Qxb7+ Kxb7 38. e5+ Ka7 39. Rxc4 bxc4 40. Bf1 Rxf1 41. b3 Qd4 42. bxc4 Qc3 43. Nxg6 Qxc2#) 36... Nxd7 37. a4 b4 (37... bxa4 $2 38. Qe7 $19) 38. Rxc4 {With the idea Rc7.} Qf1 $2 (38... Qe3 $19 {And now ...Nc5 would win.} 39. Qe7 Rc8 40. Rxc8 Bxc8 41. Bxh5 Qxe4) 39. Qxe6 $2 {[%mdl 8192]} (39. Rc7 $1 $11 {and White stays safe.}) 39... Nf8 (39... Qxf3 40. Rc7 $17) 40. Qf7 {[#]} (40. Bg2 $142 Qe2 41. Bf3 Qxc2 42. Qa6+ Bxa6 43. Rxc2) 40... Rd7 $1 {[%cal Rd7f7]} ({Weaker is} 40... Qxf3 41. Qc7 $14) 41. Qg8 {[#] Strongly threatening Rc5.} Bd5 $1 {[%mdl 512]} 42. exd5 Qxc4+ {[%mdl 64] Double Attack} 43. Kb1 Qf1+ {[%mdl 64] Double Attack} 44. Ka2 Qxf3 {[%mdl 64] Double Attack} 45. Qxf8 Qxd5+ {Accuracy: White = 54%, Black = 56%.} 0-1

[Event "56th Rubinstein Memorial A 2020"]
[Site "Polanica Zdroj"]
[Date "2020.08.22"]
[Round "8.16"]
[White "Hasterok, Mateusz"]
[Black "Jachym, Adam"]
[Result "1/2-1/2"]
[WhiteElo "2056"]
[BlackElo "2042"]
[Annotator "TA"]
[PlyCount "153"]
[EventDate "2020.08.15"]
[EventType "swiss"]
[EventCountry "POL"]
[SourceTitle "playchess.com"]
[Source "ChessBase"]
[SourceQuality "1"]

{[%evp 15,153,18,21,37,43,35,24,31,168,4,9,10,8,14,14,8,13,11,14,6,20,28,26,18,26,9,15,0,0,-33,20,3,7,-12,48,75,73,30,58,36,40,17,16,12,14,0,8,28,140,57,68,80,218,208,197,211,196,154,147,74,66,66,66,66,70,9,33,33,33,33,33,33,33,33,33,17,17,17,33,33,33,33,33,33,33,33,33,33,33,33,33,33,33,34,143,134,1345,1305,1458,1458,1331,1323,1320,1305,1298,1298,1298,1291,1283,1276,1243,1215,1215,1215,1215,8,1154,1154,1146,1124,1109,1019,994,979,972,942,902,8,8,8,8,8,8,8,8,8,8,0,0,0]} 1. d4 d5 2. c4 c6 3. Nc3 Nf6 4. e3 e6 5. Nf3 Be7 6. Qc2 Nbd7 7. b3 O-O 8. Bd3 Re8 9. O-O {D45: Semi-Slav: 5 e3.} b6 10. e4 {e5 is the strong threat.} dxe4 11. Nxe4 {White has an edge.} Bb7 ({Black should try} 11... h6 $14) 12. Ne5 $2 ({Only move:} 12. Neg5 $1 $18 {[%cal Rd3h7]} g6 13. Nxf7 Kxf7 14. Ng5+ (14. Bxg6+ Kg8 $16) 14... Kg8 15. Bxg6 $1 {[%mdl 576] Double Attack}) 12... Nxe5 $11 13. dxe5 Nxe4 14. Bxe4 g6 {[#]} 15. Be3 $146 ({Predecessor:} 15. Bb2 Qc7 16. Rad1 Rad8 17. h3 c5 18. Qe2 Rxd1 19. Rxd1 Rd8 20. Rxd8+ Bxd8 21. Bxb7 Qxb7 {1-0 (43) Pogorelov,R (2460)-Blancafort Batet,J (2003) Malaga 2002}) 15... Qc7 16. c5 Qxe5 17. cxb6 f5 18. Bf3 f4 19. Bc1 Bf6 20. Rb1 axb6 21. Rd1 Qc7 22. Qe4 Rxa2 (22... e5 $15) 23. Bxf4 Qf7 24. Be3 Ra6 (24... Ba8 $1 $11) 25. b4 $14 {[%mdl 1024] Hoping for b5. White has compensation.} b5 26. h3 Bc8 27. Qc2 Bd7 28. Qb3 Rea8 29. Rbc1 Ra3 30. Qb1 R8a6 31. Qe4 {Black must now prevent Bg4.} h5 {[#]} (31... Ra1 $1 $11) 32. Bd4 (32. Rxd7 $1 $16 {[%mdl 512]} Qxd7 33. Qxg6+ {[%mdl 64] Double Attack} Qg7 34. Qe8+ (34. Qxh5 Ra1 $16) 34... Qf8 35. Qxe6+ Qf7 36. Qc8+ Qf8 37. Rxc6 Qxc8 38. Rxc8+ Kg7 39. Rc7+ (39. Bxh5 Rb3 $16) 39... Kh8 40. Rc5) 32... Bxd4 33. Qxd4 Ra7 (33... Be8 $16 {keeps fighting.}) 34. Bxc6 $18 Bxc6 35. Rxc6 {Rc8+ would kill now.} Kh7 36. Qe5 Ra2 37. Rf1 (37. f4 $142) 37... Qf5 $16 38. Rxe6 (38. Qc3 {feels hotter.} Rf7 39. Qe1 Rb2 40. Rxe6 Rxb4 41. Qxb4 Qxe6 42. Qxb5 Qd7 43. Qb2) 38... Qxe5 39. Rxe5 $14 {[%mdl 4096] Endgame KRR-KRR} Rb2 40. Re4 ({Better is} 40. Rxb5 $14 Ra4 41. h4) 40... Ra4 41. Rd1 Rbxb4 42. Rd7+ Kh6 43. Re6 Re4 44. Rb6 Rad4 45. Rxd4 (45. Ra7 {is more complex.} Ra4 46. Rf7 Rf4 47. Rxf4 Rxf4 48. Rxb5 h4 49. Rb1) 45... Rxd4 46. Rxb5 {KR-KR} h4 47. Kf1 Rd2 48. Ke1 Ra2 49. Rd5 g5 50. Rd2 Ra1+ 51. Ke2 Rg1 52. Kf3 Kg6 53. Rd4 Kf5 54. Rd5+ Kf6 {[#]} (54... Kg6 $1 $14) 55. g3 $1 $16 hxg3 $2 {[%mdl 8192]} (55... Rf1 $16) 56. fxg3 $18 Kg6 57. Kg4 Kh6 58. Rd6+ Kh7 59. Ra6 Kg7 60. Ra3 Kg6 61. Ra5 Kh6 62. Rb5 Rg2 63. Rb1 Kg6 64. Rc1 Kh6 65. Kf3 $2 ({White should play} 65. Rc7 $18 Kg6 66. Rc6+ Kg7 67. Re6) 65... Rh2 $2 {[%mdl 8192]} (65... Rb2 $11) 66. Rc6+ Kh7 67. Kg4 Rg2 68. Rc7+ Kg6 69. Rc8 Kg7 70. Rb8 Rg1 71. h4 $2 (71. Rb5 $18 Kh6 72. Rd5) 71... gxh4 $11 {The position is equal.} 72. Kxh4 Ra1 73. g4 Ra5 74. Rb7+ Kg6 75. Rb6+ Kg7 76. g5 Ra1 77. Rb7+ {Blacks defense is rewarded with a draw. Accuracy: White = 74%, Black = 72%.} 1/2-1/2

[Event "56th Rubinstein Memorial A 2020"]
[Site "Polanica Zdroj"]
[Date "2020.08.22"]
[Round "8.17"]
[White "Kazmierowski, Tymon"]
[Black "Betkowski, Andrzej"]
[Result "1-0"]
[WhiteElo "1844"]
[BlackElo "2044"]
[Annotator "TA"]
[PlyCount "73"]
[EventDate "2020.08.15"]
[EventType "swiss"]
[EventCountry "POL"]
[SourceTitle "playchess.com"]
[Source "ChessBase"]
[SourceQuality "1"]

{[%evp 9,73,26,30,19,27,38,33,24,33,-13,0,0,-8,-17,-11,-9,62,-18,-40,-77,-33,-136,-60,-128,-134,-245,-247,-212,-237,-308,-217,-207,-197,-219,-148,-147,-72,-70,-51,-154,-145,-149,-160,-137,-152,-318,-149,-129,0,-16,0,0,0,0,145,180,462,407,1849,1517,5002,2525,29989,29990,29990,29991]} 1. e4 e6 2. d4 d5 3. Nd2 h6 4. Ngf3 Nf6 5. e5 Nfd7 6. Bd3 {C03: French Tarrasch: Unusual Black 3rd moves.} c5 7. c3 Nc6 8. O-O {White is slightly better.} g5 9. dxc5 Bxc5 10. Nb3 Bb6 11. Bb5 a6 $36 {[%mdl 2048] Black is more active.} 12. Ba4 Bc7 {[#]} (12... Kf8 $11) 13. Bxc6 $146 (13. Nbd4 $1 $14 Ncxe5 14. Nxe5 Bxe5 15. f4) ({Predecessor:} 13. Nbd4 Ncxe5 14. Nxe5 Bxe5 15. f4 Bxd4+ 16. Qxd4 Rg8 17. fxg5 hxg5 18. Be3 Qc7 19. Qf6 {1-0 (19) Nilsen,T (1941)-Djurhuus,E (2127) Fornebu 2016}) 13... bxc6 $11 {[%cal Bb7c6,Bc6c5][%mdl 32]} 14. Nbd4 Bb7 $1 (14... Nxe5 $6 15. Nxe5 Bxe5 16. Nxc6 $11) 15. Qc2 (15. Qa4 $15) 15... Qe7 (15... c5 $17 16. Ne2 g4) 16. h3 (16. b4 $15) 16... c5 $17 17. Nb3 (17. Ne2 $17) 17... O-O-O $1 $19 (17... Nxe5 18. Nxe5 Bxe5 19. Na5 $17) 18. Be3 Rdg8 (18... Nxe5 19. Nxe5 Bxe5 20. Nxc5 $14) 19. Nh2 Bxe5 20. Na5 Ba8 21. b4 c4 ({Don't play} 21... cxb4 22. Nf3 $17) 22. Qa4 Bxh2+ ({Don't do} 22... Bxc3 23. Nc6 $17) ({Black should try} 22... Qd6 23. Ng4 Bxc3 {[%mdl 64] Double Attack}) 23. Kxh2 $17 Qd6+ 24. g3 {[#]} (24. Kg1 $1 $15) 24... h5 $1 {[%cal Rh5h4]} 25. Rad1 {Threatens to win with Nxc4!} Nb6 26. Bxb6 Qxb6 27. b5 $2 (27. Rb1 $17 {was necessary.}) 27... axb5 ({But not} 27... Qxb5 28. Qa3 $19) (27... h4 $19 {Strongly threatening ...g4.} 28. g4 axb5) 28. Nxc4 Qc6 ({Black should play} 28... bxc4 $17 29. Qxa8+ Kd7 30. Qa4+ Ke7) 29. Nd6+ $1 $11 {[%mdl 64] Double Attack} Kd7 30. Nxb5 {c4 is the strong threat.} Rb8 31. c4 {Black must now prevent f4.} d4 {[#]} (31... Rhc8 $11 {keeps the balance.} 32. Qa7+ Ke8) 32. Qa7+ $1 $16 Kc8 $2 (32... Qb7 {was worth a try.}) 33. f3 h4 (33... Rd8 $142 34. Rxd4 Rxd4 35. Qxd4 Qb6) 34. Qxd4 $18 {aiming for Na7+.} hxg3+ 35. Kg2 Kb7 36. Qa7+ Kc8 37. Nd6+ {[%mdl 64] Double Attack. Accuracy: White = 58%, Black = 46%.} 1-0

[Event "56th Rubinstein Memorial A 2020"]
[Site "Polanica Zdroj"]
[Date "2020.08.22"]
[Round "8.18"]
[White "Domanski, Lukasz"]
[Black "Majocha, Piotr"]
[Result "0-1"]
[WhiteElo "2039"]
[BlackElo "1906"]
[Annotator "TA"]
[PlyCount "72"]
[EventDate "2020.08.15"]
[EventType "swiss"]
[EventCountry "POL"]
[SourceTitle "playchess.com"]
[Source "ChessBase"]
[SourceQuality "1"]

{[%evp 13,72,5,20,8,29,31,22,32,35,-2,0,-7,0,0,0,0,0,-15,-14,-20,16,0,0,-47,-46,-40,-43,-41,-47,-37,-37,-120,-130,-123,-115,-108,-106,-127,-125,-127,-112,-122,-93,-115,-112,-152,-152,-322,-169,-305,-25,-37,0,-305,-304,-450,-414,-526,-516,-462,-462]} 1. e4 e6 2. d4 d5 3. Nc3 Bb4 4. exd5 exd5 5. Bd3 Nf6 6. Nge2 O-O 7. O-O Bg4 8. f3 {C01: French: Exchange Variation.} Bh5 9. Nf4 Bg6 10. Nxg6 {The position is equal.} hxg6 11. Ne2 Bd6 12. Bg5 Nbd7 13. c3 c6 14. Qe1 Qc7 15. Qh4 Rfe8 {[#]} 16. Rae1 $146 ({Predecessor:} 16. Rad1 b6 17. f4 Ne4 18. f5 Bxh2+ 19. Kh1 Bg3 20. Qg4 Nf2+ 21. Rxf2 Bxf2 22. fxg6 f6 23. Bf4 Qd8 24. Qf3 Bxd4 25. Nxd4 Rc8 26. Nf5 Ne5 27. Qh3 {1-0 (27) Dukaczewski,P (2290)-Kolasin,J (2023) Olomouc 2011}) 16... a5 17. f4 Re3 18. f5 (18. Nc1 $5 {[%cal Re1e3]} Rxe1 19. Rxe1 $11) 18... Rxd3 19. Nc1 {[#]} Rg3 $1 {[%cal Rg3g4][%mdl 512]} 20. hxg3 ({Don't blunder} 20. fxg6 $2 Rxg5 $1 {[%mdl 512]} 21. Qxg5 (21. gxf7+ $2 Kxf7 22. Qxg5 Bxh2+ 23. Kf2 Ne4+ 24. Rxe4 dxe4 $19) 21... Bxh2+ 22. Kh1 fxg6 $19) 20... Bxg3 {[%mdl 64] Double Attack} 21. Qh3 {Black must now prevent Re7.} Bxe1 22. Rxe1 {[#]} (22. fxg6 $15 Bg3 23. Bxf6 Nxf6 24. Rxf6 $1 {[%mdl 576] Remove Defender} gxf6 25. Qh7+ Kf8 26. Qh8+ {[%mdl 64] Double Attack} Ke7 27. Qxa8 fxg6 28. Ne2) 22... gxf5 $1 $17 23. Qxf5 Re8 24. Rxe8+ Nxe8 25. Bf4 Qd8 26. Nd3 Qe7 27. Ne5 Nxe5 28. Bxe5 f6 29. Bf4 a4 30. a3 $2 (30. Bb8 $17) 30... Qe1+ $19 31. Kh2 Qh4+ $2 (31... Qe4 $19 32. Qxe4 dxe4) 32. Kg1 $11 Qe1+ $2 {[%mdl 8192]} (32... Kf8 $15 33. g3 Qh8) 33. Kh2 $19 Qe4 34. Qxe4 (34. g4 $142) 34... dxe4 35. Kg3 Kf7 36. Kf2 g5 {Accuracy: White = 67%, Black = 81%.} 0-1

[Event "56th Rubinstein Memorial A 2020"]
[Site "Polanica Zdroj"]
[Date "2020.08.22"]
[Round "8.19"]
[White "Bojczewski, Mateusz"]
[Black "Rogacewicz, Mikolaj"]
[Result "1/2-1/2"]
[WhiteElo "1886"]
[BlackElo "1970"]
[Annotator "TA"]
[PlyCount "103"]
[EventDate "2020.08.15"]
[EventType "swiss"]
[EventCountry "POL"]
[SourceTitle "playchess.com"]
[Source "ChessBase"]
[SourceQuality "1"]

{[%evp 15,103,0,0,0,22,0,0,0,0,0,-6,-32,-25,-34,-28,-60,-20,-14,-25,-30,-32,-41,-12,-13,-8,-22,-23,-29,0,0,0,-30,0,-18,-8,-42,-42,-31,-52,-62,0,0,0,-14,0,-11,0,0,0,0,0,-36,122,124,121,102,136,39,39,39,106,39,39,39,50,22,316,0,0,0,0,0,0,0,0,0,0,0,0,0,0,0,0,0,0,0,0,0,0,0]} 1. e4 Nf6 2. e5 Nd5 3. d4 d6 4. c4 Nb6 5. Nf3 g6 6. exd6 cxd6 7. b3 Bg7 8. Bb2 O-O 9. Be2 {B04: Alekhine's Defence: 4 Nf3.} Nc6 10. O-O Bg4 11. h3 Bxf3 12. Bxf3 d5 13. cxd5 (13. c5 $5 {[%cal Rc5b6]} Nd7 14. Qd2 $11) 13... Nxd5 14. Na3 {[#]} e6 $146 ({Predecessor:} 14... Ndb4 15. Bxc6 Nxc6 16. Nc2 Qb6 17. Qg4 Rfd8 18. Rad1 Rac8 19. Ba3 e6 20. Bc5 Qc7 {0-1 (28) Nguyen,H-Dinh,B Hue 2004}) 15. Nc2 Qh4 16. Bxd5 exd5 17. Qg4 Qxg4 18. hxg4 Rfe8 19. Rfe1 Re6 20. f3 Bf6 21. Kf2 Rae8 22. Rxe6 fxe6 23. f4 Be7 24. Rc1 Bd6 25. Ke3 Rf8 26. g3 {[#]} g5 $1 {[%cal Rg5f4][%mdl 512]} 27. Rf1 (27. fxg5 Bxg3) 27... Nb4 (27... Ne7 $15) 28. Nxb4 $11 Bxb4 {[%mdl 4096] Endgame KRB-KRB} 29. Rf3 Kg7 30. Kd3 Rc8 31. Re3 Rc6 32. Re5 Be7 33. f5 Kf7 $2 (33... Bf6 $1 $15 {stays ahead.} 34. Re1 (34. Rxe6 Rxe6 35. fxe6 Be7 $15) 34... exf5 35. gxf5 h5) 34. fxe6+ $16 Rxe6 35. Rxd5 Ke8 36. Re5 (36. Rb5 $16) 36... Rxe5 $14 37. dxe5 {KB-KB} Kd7 ({Black should play} 37... Kf7 $14) 38. Ke4 (38. Bd4 $16) 38... Ke6 39. Bd4 b6 40. a4 Bc5 $2 {[%mdl 8192] [#]} (40... Bd8 $11 {and Black stays safe.}) 41. Bxc5 $2 (41. a5 $1 $18 {[%mdl 512]}) 41... bxc5 $18 {KP-KP. The position is equal.} 42. Kd3 {aiming for Kc4.} Kxe5 43. Kc4 Ke4 {And now ...Kf3 would win.} 44. Kxc5 Kf3 {[%mdl 64] Double Attack} 45. b4 Kxg4 $11 {K3P-K3P} ({Don't blunder} 45... Kxg3 $2 46. b5 $18) 46. b5 h5 $1 ({Avoid the trap} 46... Kxg3 $2 47. a5 $18) 47. a5 h4 48. gxh4 $1 gxh4 49. b6 axb6+ 50. axb6 {b7 would kill now.} h3 51. b7 h2 52. b8=Q {Accuracy: White = 71%, Black = 63%.} 1/2-1/2

[Event "56th Rubinstein Memorial A 2020"]
[Site "Polanica Zdroj"]
[Date "2020.08.22"]
[Round "8.20"]
[White "Starosciak, Szymon"]
[Black "Turski, Bartlomiej"]
[Result "1/2-1/2"]
[WhiteElo "1850"]
[BlackElo "1985"]
[Annotator "TA"]
[PlyCount "48"]
[EventDate "2020.08.15"]
[EventType "swiss"]
[EventCountry "POL"]
[SourceTitle "playchess.com"]
[Source "ChessBase"]
[SourceQuality "1"]

{[%evp 15,48,8,13,23,27,1,44,14,8,0,0,0,9,14,2,2,2,2,3,4,11,2,13,-28,25,0,0,-8,0,0,22,9,25,23,14]} 1. e4 c5 2. Nf3 e6 3. d4 cxd4 4. Nxd4 Bc5 5. Nb3 Bb6 6. Bd3 Ne7 7. O-O O-O 8. Nc3 Nbc6 9. Qe2 {B40: Sicilian: 2...e6, Unusual lines.} d5 10. exd5 exd5 11. Qh5 {[%csl Gd3][%cal Rh5h7] [#]White is slightly better.} h6 12. Bf4 Nb4 13. Rad1 Nxd3 14. Rxd3 Bf5 15. Rd2 $1 Qd7 16. h3 Rac8 17. Rfd1 {[%cal Rc3d5]} Rfd8 18. Qf3 {[%cal Rc3d5]} Qc6 19. Qe2 Be6 (19... Re8 $142) 20. Nb5 Nf5 21. c3 Qc4 22. Qxc4 Rxc4 23. N5d4 Nxd4 24. Nxd4 Bxd4 {An uneventful encounter. Accuracy: White = 73%, Black = 92%.} 1/2-1/2

[Event "56th Rubinstein Memorial A 2020"]
[Site "Polanica Zdroj"]
[Date "2020.08.23"]
[Round "9.1"]
[White "Kucza, Karol"]
[Black "Ovsejevitsch, Sergei"]
[Result "1/2-1/2"]
[WhiteElo "2245"]
[BlackElo "2587"]
[Annotator "TA"]
[PlyCount "33"]
[EventDate "2020.08.15"]
[EventType "swiss"]
[EventCountry "POL"]
[SourceTitle "playchess.com"]
[Source "ChessBase"]
[SourceQuality "1"]

{[%evp 11,20,32,26,26,26,28,37,24,31,19,39]} 1. e4 e5 2. Nf3 Nc6 3. Bb5 a6 4. Ba4 d6 5. O-O Bd7 6. d4 Nf6 7. d5 {C79: Ruy Lopez: Steinitz-type lines with 3...a6 4 Ba4 Nf6 5 0-0 d6.} Nb8 8. Bxd7+ Nbxd7 9. Re1 Be7 10. c4 O-O {[#] A rather calm draw.} {Predecessor:} 11. Nc3 $146 c6 12. h3 Rc8 13. Be3 cxd5 14. cxd5 Nc5 15. Qb1 Qd7 16. Nd2 Bd8 17. a4 {½-½ (54) Sibarevic,M (2405)-Rukavina,J (2485) Pula 1987} 1/2-1/2

[Event "56th Rubinstein Memorial A 2020"]
[Site "Polanica Zdroj"]
[Date "2020.08.23"]
[Round "9.1"]
[White "Starosciak, Szymon"]
[Black "Dytman, Radoslaw"]
[Result "1/2-1/2"]
[WhiteElo "1850"]
[BlackElo "1867"]
[Annotator "NA"]
[PlyCount "65"]
[EventDate "2020.08.15"]
[EventType "swiss"]
[EventCountry "POL"]
[SourceTitle "playchess.com"]
[Source "ChessBase"]
[SourceQuality "1"]
[TimeControl "40/5400+30:1800+30"]

{[%evp 10,47,2,-7,-10,-14,-24,-16,-26,-23,-8,-25,-1,-39,-29,-27,0,-24,0,-17,-22,-28,-16,-13,0,-26,0,-29,-3,-25,-28,-38,-16,-25,32767,32767,-12,-15,-8,-24]} 1. d4 {[%emt 0:00:00]} d6 {[%emt 0:00:47]} 2. c4 {[%emt 0:00:42]} e5 {[%emt 0:00:11]} 3. dxe5 {[%emt 0:01:49]} dxe5 {[%emt 0:00:08]} 4. Qxd8+ {[%emt 0:00:05]} Kxd8 {[%emt 0:00:05]} 5. Nc3 {[%emt 0:01:47]} Be6 {[%emt 0:02:46]} 6. b3 {[%emt 0:01:36]} c6 {[%emt 0:01:01]} 7. Bb2 {[%emt 0:00:25]} f6 {[%emt 0:00:42]} 8. e3 {[%emt 0:05:09] A41: 1 d4 d6: Tartakower System and Modern Defence.} Kc7 {[%emt 0:00:33]} 9. Nf3 {[%emt 0:01:19]} a5 {[%emt 0:03:04]} 10. Be2 {[%emt 0:01:18]} Na6 {[%emt 0:01:55]} 11. O-O {[%emt 0:00:41]} Nh6 {[%emt 0:02:15]} 12. Rac1 {[%emt 0:02:05] [#]} Nf7 $146 {[%emt 0:04:47]} ({Predecessor:} 12... Rd8 13. Rfd1 Rxd1+ 14. Rxd1 Nc5 15. Ne1 Nf7 16. Nd3 Nxd3 17. Bxd3 f5 18. Na4 b6 {½-½ (32) Julin,A (2236)-Aridov,V (2157) Kiev 2007}) 13. Nd5+ {[%emt 0:03:23]} Kd8 {[%emt 0:07:43]} 14. Nb6 {[%emt 0:02:28]} Ra7 {[%emt 0:06:14]} 15. Rfd1+ {[%emt 0:00:50]} Kc7 {[%emt 0:02:41]} 16. Nd5+ {[%emt 0:00:16]} Kb8 {[%emt 0:00:16]} 17. Nc3 {[%emt 0:00:34]} Nc5 {[%emt 0:06:05]} 18. Nd2 {[%emt 0:06:43]} a4 {[%emt 0:05:08]} 19. Nde4 {[%emt 0:04:10]} (19. b4 $5 {[%cal Rb4c5]} a3 20. Ba1 $11) 19... Nxe4 {[%emt 0:03:50]} 20. Nxe4 {[%emt 0:00:06]} axb3 {[%emt 0:00:09]} 21. axb3 {[%emt 0:00:08]} Ra2 {[%emt 0:00:42]} 22. Rd2 {[%emt 0:01:29]} Rxb2 {[%emt 0:05:20]} 23. Rxb2 {[%emt 0:00:11]} Ba3 {[%emt 0:00:07]} 24. Rcc2 $11 {[%emt 0:03:51]} Bxb2 {[%emt 0:08:10]} 25. Rxb2 {[%emt 0:00:05]} Kc7 {[%emt 0:02:38]} 26. Nc5 {[%emt 0:04:57]} Bc8 {[%emt 0:04:30]} 27. Rd2 {[%emt 0:01:19]} b6 {[%emt 0:10:48]} 28. Ne4 {[%emt 0:00:48]} Be6 {[%emt 0:00:39]} 29. Ra2 {[%emt 0:00:42]} Kb7 {[%emt 0:00:49]} 30. Kf1 {[%emt 0:01:52]} Rd8 {[%emt 0:00:47]} 31. Ke1 Nd6 32. Rd2 Kc7 33. c5 1/2-1/2